| 000 | 00905cab a2200253 4500 | ||
|---|---|---|---|
| 001 | WB2814-41 | ||
| 008 | 090401t1992 xxu||||| |||| 00| 0 eng d | ||
| 035 | _a(Sirsi) u69069 | ||
| 041 | _aeng | ||
| 245 | _aApproval of planning permission | ||
| 260 | _c1992 | ||
| 350 | _a0 | ||
| 490 |
_aTimes _v2 April 1992, 18(1) |
||
| 520 | _a"F.G.Whitley and Sons Co Ltd v SoS for Wales and another" CA 24 March 1992. As approval for planning permission was delayed by the planning authority, the developer did not lose the benefit of the planning permission even though approval had been granted after the expiry of permission. | ||
| 650 | _aAPPROVAL | ||
| 650 | _aEXPIRY | ||
| 650 | _aMINING | ||
| 650 | _aPLANNING AUTHORITIES | ||
| 650 | _aPLANNING PERMISSION | ||
| 650 | _aTOWN AND COUNTRY PLANNING ACT 1971 | ||
| 690 | _aPLANNING LAW AND PRACTICE-CASE LAW | ||
| 942 | _n0 | ||
| 948 | _c04/03/1997 | ||
| 999 |
_c43386 _d43386 |
||